000
00298nam a2200121 a 4500
005
20140414132013.0
008
110314s19uu xx 00 eng d
050
_a
TR
_b
F32 1995
100
_a
Berry, Joy
245
_a
Feeling afraid.
260
_a
New York :
_b
Scholastic ,
_c
1995.
999
_c
113317
_d
113317